ド・モルガン?ド・モアブル? - Statistics

General Stats
  • This quiz has been taken 20 times
  • The average score is 9 of 14
Answer Stats
Question Answer % Correct
Augustus de Morgan ド・モルガン
83%
複素数の分野で名前が出る ド・モアブル
83%
◯◯の法則は数Ⅰで登場 ド・モルガン
78%
◯◯の定理は数Ⅲで登場 ド・モアブル
78%
和集合の補集合に関する法則を発見 ド・モルガン
72%
Abraham de Moivre ド・モアブル
72%
集合の分野で名前が出る ド・モルガン
72%
複素数と三角関数に関する定理を発見 ド・モアブル
67%
三角関数の n倍角の公式を内在的に含む定理を発見 ド・モアブル
67%
元の論理体系と同一視できる法則を発見 ド・モルガン
61%
インド生まれのイギリスの数学者、論理学者 ド・モルガン
56%
フランスの数学者 ド・モアブル
56%
主な業績のひとつに関係代数 ド・モルガン
39%
アブラーム・ド・モアブル
28%
No matching quizzes found
Score Distribution
Percent of People with Each Score
Percentile by Number Answered
Your Score History
You have not taken this quiz